000 01610cam a2200373 a 4500
999 _c27293
_d27293
001 14497419
003 OSt
005 20170208091808.0
008 060814s2007 maua c 000 0 eng
010 _a 2006026687
015 _aGBA694643
_2bnb
016 7 _a013596367
_2Uk
020 _a1592533043
020 _a9781592533046
035 _a(OCoLC)ocm71005805
035 _a(OCoLC)71005805
040 _aDLC
_cDLC
_dYDX
_dBAKER
_dUKM
_dYDXCP
_dBTCTA
_dDLC
050 0 0 _aNC1002.L63
_bL657 2007
082 0 0 _a741.6
_222
100 1 _aChua, Perry.
245 1 0 _aLogo savvy :
_btop brand-design firms share their naming and identity strategies /
_cPerry Chua & Dann Ilicic ; WOW Branding.
260 _aGloucester, Mass. :
_bRockport Publishers,
_cc2007.
300 _a191 p. :
_bill. (chiefly col.) ;
_c25 cm.
650 0 _aLogos (Symbols)
_vCatalogs.
650 0 _aCorporate image
_vCatalogs.
650 0 _aBusiness names
_vCatalogs.
700 1 _aIlicic, Dann.
710 2 _aWow Branding (Firm)
856 4 1 _3Table of contents only
_uhttp://www.loc.gov/catdir/toc/ecip0619/2006026687.html
856 4 2 _3Publisher description
_uhttp://www.loc.gov/catdir/enhancements/fy0714/2006026687-d.html
856 4 2 _3Contributor biographical information
_uhttp://www.loc.gov/catdir/enhancements/fy0737/2006026687-b.html
906 _a7
_bcbc
_corignew
_d1
_eecip
_f20
_gy-gencatlg
942 _2lcc
_cBOOKS
_hNC 1002 .L63L657 2007